| 000 | 00359 a2200121 4500 | ||
|---|---|---|---|
| 001 | 66214 | ||
| 082 | _a629.1341 BRA | ||
| 090 |
_c38503 _d38503 |
||
| 100 | _aSteven A Brandt, John J Bertin, Randall J Stiles, Ray Whitford | ||
| 245 | _aIntroduction to Aeronautics: A Design Perspective | ||
| 260 |
_aVA _bAAIA Education series _c1997 |
||
| 300 | _axvi, 391 | ||
| 942 |
_aNUST-CAE _k629.1341 BRA |
||
| 999 |
_c301287 _d301287 |
||